000 00568nam a22001697a 4500
003 BD-DhUL
005 20190514110136.0
008 190514s1925 ii ||||| |||| 00| 0 urd d
040 _aBD-DhUL
_cBD-DhUL
082 _a891.4309
_bSHT
100 0 _aشمس اللہ قادری
245 1 0 _aتاریخ زبان اردو یعنی اردو ۓ قدیم /
_cشمس اللہ قادری
260 _aلکھنو :
_bنولکشور،
_c۔۱۹۲۵
300 _aص۔ مختلف صفات ؛
_c۲۵ سم۔
650 4 _aUrdu literature - History and criticism
942 _2ddc
_cBK
999 _c248139
_d248139